00674nam a2200241 a 450000100060000000300080000600500170001400800410003102000310007203500170010303500190012003500170013904000320015604100080018808200210019610000390021724500370025626000510029330000210034450400410036565000130040665000130041941761BD-RjUL20211209053438.0160605s1987 enk b 001 0 eng  a070994523X :c36.00 (U.S.) aMITb10343279 a(BD-RjUL)41879 aGLIS00343279 aDLCcDLCdMYGdBD-RjULbeng aeng a323.44bDAL 19871 aDay, J. P.q(John Patrick),d1919-10aLiberty and justice /cJ.P. Day. aLondon ;aWolfeboro, NH :bCroom Helm,cc1987. a232 p. ;c22 cm. aIncludes bibliographies and indexes. 0aLiberty. 0aJustice.